[Event "ProMoPro Open 2003"]
[Site "?"]
[Date "2003.09.12"]
[Round "7.26"]
[White "Hybl, Vladislav"]
[Black "Cabart, Pavel"]
[Result "0-1"]
[WhiteElo "1827"]
[BlackElo "1250"]
[PlyCount "102"]
[EventDate "2003.09.06"]

1. e4 c5 2. Nf3 d6 3. c4 Nf6 4. Nc3 Nc6 5. Be2 g6 6. O-O Bg7 7. d4 cxd4 8. Nxd4
O-O 9. Nxc6 bxc6 10. Be3 Qa5 11. f3 Rb8 12. Qa4 Qxa4 13. Nxa4 Nd7 14. Rab1 Ne5
15. b3 c5 16. Nb2 Bd7 17. Nd3 Nc6 18. Bd1 a5 19. f4 Rfc8 20. g4 a4 21. e5 Nb4
22. Nxb4 Rxb4 23. exd6 exd6 24. h3 axb3 25. axb3 h5 26. f5 Be5 27. Bc2 hxg4 28.
hxg4 Kg7 29. Bf4 Bd4+ 30. Kg2 gxf5 31. Bxf5 Bc6+ 32. Kg3 Rd8 33. Rfe1 d5 34.
Be5+ Bxe5+ 35. Rxe5 Kf6 36. Ree1 dxc4 37. bxc4 Rxc4 38. Rb6 Rd6 39. Be4 Rc3+
40. Kf4 Rc4 41. Kg3 Re6 42. Rf1+ Kg5 43. Rf5+ Kh6 44. Bxc6 Rg6 45. Rf4 Rxf4 46.
Kxf4 c4 47. Rb7 Rxc6 48. Rxf7 c3 49. g5+ Kg6 50. Rf6+ Rxf6+ 51. gxf6 c2 {
bily se vzdal} 0-1

[Event "ProMoPro Open 2003"]
[Site "?"]
[Date "2003.09.12"]
[Round "7.27"]
[White "Steinhauser, Dominik"]
[Black "Korsa, Jindrich"]
[Result "0-1"]
[WhiteElo "1793"]
[BlackElo "1995"]
[PlyCount "50"]
[EventDate "2003.09.06"]

1. e4 e5 2. d4 exd4 3. c3 d5 4. exd5 Qxd5 5. cxd4 Bb4+ 6. Nc3 Nc6 7. Nf3 Bg4 8.
Be2 Nf6 9. O-O Qd7 10. d5 Bxf3 11. Bxf3 Ne7 12. Qb3 Bd6 13. Qxb7 O-O 14. Qb5
Qf5 15. Qc4 Ng6 16. Re1 Ne5 17. Be4 Qh5 18. Qe2 Neg4 19. h3 Qh4 20. f3 Bc5+ 21.
Kh1 Nh5 22. Bxh7+ Kh8 23. Ne4 Rae8 24. Bg5 {Diagram #} 24... Qxg5 25. Nxg5 Ng3#
{mat} 0-1

[Event "ProMoPro Open 2003"]
[Site "?"]
[Date "2003.09.12"]
[Round "7.28"]
[White "Listopad, Martin"]
[Black "Hampel, Rudolf"]
[Result "1-0"]
[WhiteElo "1823"]
[BlackElo "1757"]
[PlyCount "93"]
[EventDate "2003.09.06"]

1. d4 Nf6 2. Nf3 g6 3. c4 Bg7 4. Nc3 d5 5. e3 O-O 6. Bd3 c6 7. O-O Nbd7 8. b3
b6 9. Bb2 Bb7 10. Qc2 Rc8 11. Ng5 h6 12. Nh3 Qc7 13. f3 dxc4 14. bxc4 c5 15.
Nb5 Qb8 16. d5 a6 17. Nc3 Ne5 18. e4 Rcd8 19. Be2 Bc8 20. Nf2 Nh5 21. Rae1 f5
22. Bc1 Nf6 23. f4 Neg4 24. e5 Nh7 25. Bxg4 fxg4 26. Qxg6 Bf5 27. Qh5 Qc8 28.
Nce4 b5 29. Ng3 e6 30. d6 b4 31. Nxf5 exf5 32. Nd3 a5 33. Be3 Qa6 34. Rc1 Rc8
35. Bxc5 Rxc5 36. Nxc5 Qb6 37. Qg6 Qxc5+ 38. Kh1 Qc8 39. c5 Rd8 40. e6 Nf6 41.
Qf7+ Kh8 42. e7 Rd7 43. Rfd1 Ne8 44. Qxf5 Qc6 {Diagram #} 45. Qxd7 Qxd7 46. c6
Qe6 47. d7 {cerny se vzdal} 1-0

[Event "ProMoPro Open 2003"]
[Site "?"]
[Date "2003.09.12"]
[Round "7.30"]
[White "Hejl, Jaroslav"]
[Black "Konopka, Lukas"]
[Result "1/2-1/2"]
[WhiteElo "1709"]
[BlackElo "1669"]
[PlyCount "98"]
[EventDate "2003.09.06"]

1. d4 Nf6 2. c4 g6 3. Nc3 Bg7 4. e4 d6 5. f3 O-O 6. Be3 Nbd7 7. Bd3 e5 8. d5
Ne8 9. Qd2 f5 10. Bg5 Ndf6 11. O-O-O f4 12. g4 h6 13. Bh4 g5 14. Bf2 Nd7 15. h4
Bf6 16. hxg5 Bxg5 17. Nh3 Nef6 18. Rh2 b6 19. Rdh1 Bb7 20. Kb1 a5 21. Nxg5 hxg5
22. Rh6 Kg7 23. Bg1 Ba6 24. Qh2 Rh8 25. Bf2 Qg8 26. b3 Rh7 27. Nb5 Bxb5 28.
cxb5 Qh8 29. Rxh7+ Qxh7 30. Qg1 Qg6 31. Qd1 Rh8 32. Rxh8 Kxh8 33. Qc2 Qh7 34.
Kb2 Nc5 35. a3 Qh2 36. Bxc5 Qxc2+ 37. Kxc2 bxc5 38. Kc3 Kg8 39. b4 axb4+ 40.
axb4 cxb4+ 41. Kxb4 Kf8 42. Ka5 Ke8 43. Ka6 Kd7 44. Kb7 Nh7 45. Bc2 Nf8 46. Ba4
Kd8 47. Kc6 Ng6 48. Bd1 Ne7+ 49. Kb7 Nc8 {remis} 1/2-1/2

[Event "ProMoPro Open 2003"]
[Site "?"]
[Date "2003.09.12"]
[Round "7.31"]
[White "Voglova, Eva"]
[Black "Janota, Jiri"]
[Result "1/2-1/2"]
[WhiteElo "1657"]
[BlackElo "1571"]
[PlyCount "62"]
[EventDate "2003.09.06"]

1. d4 c5 2. Nf3 e6 3. c4 Nf6 4. Bg5 cxd4 5. Nxd4 Bc5 6. e3 O-O 7. Nc3 Nc6 8.
Nb3 Be7 9. Bd3 b6 10. O-O Ne5 11. Bc2 Bb7 12. f4 Ng6 13. e4 Rc8 14. e5 Ne8 15.
Bxe7 Qxe7 16. Qd4 d6 17. Rad1 dxe5 18. fxe5 Qg5 19. Rf2 Qxe5 20. Bxg6 Qxd4 21.
Bxf7+ Rxf7 22. Rxd4 Rxf2 23. Kxf2 Nf6 24. Nd2 Rc5 25. Nde4 Rf5+ 26. Ke2 Bxe4
27. Nxe4 Nxe4 28. Rxe4 Kf7 29. b4 Ke7 30. g4 Rf7 31. a4 Kd6 {remis} 1/2-1/2

[Event "ProMoPro Open 2003"]
[Site "?"]
[Date "2003.09.11"]
[Round "6.1"]
[White "Cernousek, Lukas"]
[Black "Neuman, Petr"]
[Result "1-0"]
[WhiteElo "2293"]
[BlackElo "2438"]
[PlyCount "59"]
[EventDate "2003.09.06"]

1. e4 c5 2. Nf3 d6 3. d4 cxd4 4. Nxd4 Nf6 5. Nc3 Nc6 6. Bc4 Bd7 7. Bb3 g6 8.
Be3 Ng4 9. Nxc6 bxc6 10. Qf3 Nf6 11. Qg3 Qb8 12. f4 Bg7 13. O-O O-O 14. f5 Kh8
15. Qh4 a5 16. Rf3 a4 17. Nxa4 c5 18. e5 Bxa4 19. fxg6 fxg6 20. exf6 Rxf6 21.
Rh3 h5 22. Bxa4 Qxb2 23. Re1 Qxa2 24. Bb3 Qb2 25. Bc1 Qa1 26. Bg5 Raf8 27. Bxf6
Bxf6 28. Qe4 Qa5 29. Rf3 Qd2 30. Kh1 {cerny se vzdal} 1-0

[Event "ProMoPro Open 2003"]
[Site "?"]
[Date "2003.09.12"]
[Round "6.2"]
[White "Csala, Jan"]
[Black "Matras , Ondrej"]
[Result "1/2-1/2"]
[WhiteElo "2204"]
[BlackElo "2227"]
[PlyCount "130"]
[EventDate "2003.09.06"]

1. d4 Nf6 2. g3 e6 3. Bg2 c5 4. Nf3 Nc6 5. O-O a6 6. c4 d5 7. cxd5 Nxd5 8. dxc5
Bxc5 9. b3 Qf6 10. e4 Ndb4 11. e5 Nxe5 12. Nc3 Nxf3+ 13. Qxf3 Qxf3 14. Bxf3 Nc2
15. Rb1 Nd4 16. Bd1 Bd7 17. Ne4 Bf8 18. Bb2 Nf5 19. Rc1 Bc6 20. Bf3 Rc8 21. Ng5
Be7 22. Bxc6+ Rxc6 23. Ne4 f6 24. Rxc6 bxc6 25. Rd1 e5 26. Kf1 h5 27. h3 Bb4
28. a3 Be7 29. b4 Kf7 30. Rd7 a5 31. bxa5 Ra8 32. Bc3 Ke6 33. Rb7 Bxa3 34. g4
hxg4 35. hxg4 Ne7 36. Ke2 Nd5 37. Bd2 Be7 38. Kd3 g6 39. Kc4 f5 40. gxf5+ gxf5
41. Nc5+ Bxc5 42. Kxc5 Ra6 43. Rh7 Nf6 44. Rh6 Kf7 45. Be1 Kg7 46. Rh3 Ne4+ 47.
Kb4 Kf7 48. Rh7+ Ke6 49. Rb7 Kd5 50. Rd7+ Nd6 51. Ka4 Ra8 52. Bc3 c5 53. f3 e4
54. fxe4+ fxe4 55. Be1 Kc6 56. Rg7 Re8 57. Rg6 Kd5 58. Bg3 Nc4 59. a6 e3 60.
Kb5 Re7 61. Rg5+ Ne5 62. a7 Rxa7 63. Rxe5+ Kd4 64. Re8 Kd3 65. Bf4 e2 {remis}
1/2-1/2

[Event "ProMoPro Open 2003"]
[Site "?"]
[Date "2003.09.11"]
[Round "6.3"]
[White "Hausner, Ivan"]
[Black "Stehno , Pavel"]
[Result "1/2-1/2"]
[WhiteElo "2441"]
[BlackElo "2327"]
[PlyCount "47"]
[EventDate "2003.09.06"]

1. d4 Nf6 2. c4 g6 3. Nc3 Bg7 4. e4 d6 5. f4 O-O 6. Nf3 Bg4 7. Be2 Nfd7 8. Be3
e5 9. fxe5 c5 10. Bg5 Qa5 11. Qd2 Nc6 12. exd6 Bxf3 13. Bxf3 cxd4 14. Nd5 Qc5
15. Ne7+ Nxe7 16. Bxe7 Qxc4 17. Rc1 Qb5 18. Be2 Qb6 19. Bc4 Be5 20. O-O Bxd6
21. Bxf8 Rxf8 22. Bd5 Kg7 23. Rf3 d3+ 24. Kh1 {remis} 1/2-1/2

[Event "ProMoPro Open 2003"]
[Site "?"]
[Date "2003.09.12"]
[Round "6.4"]
[White "Jirka, Jiri"]
[Black "Pirklova, Hana"]
[Result "1/2-1/2"]
[WhiteElo "2400"]
[BlackElo "2139"]
[PlyCount "107"]
[EventDate "2003.09.06"]

1. d4 Nf6 2. c4 g6 3. g3 Bg7 4. Bg2 O-O 5. Nc3 c6 6. Nf3 d6 7. O-O Qa5 8. h3
Be6 9. Nd2 d5 10. Nb3 Qd8 11. cxd5 cxd5 12. Nc5 Qc8 13. Nxe6 Qxe6 14. Qb3 Nc6
15. Rd1 Rfd8 16. Bg5 Qd7 17. Bxf6 Bxf6 18. Nxd5 Nxd4 19. Qe3 Qe6 20. Rxd4 Bxd4
21. Qxd4 Qxe2 22. Qb4 e6 23. Nf6+ Kg7 24. Ne4 Rac8 25. Qxb7 Rc2 26. Qxa7 Rxb2
27. Qe7 Rd1+ 28. Rxd1 Qxd1+ 29. Kh2 Rb1 30. h4 h6 31. Qf6+ Kg8 32. Nc3 Qg1+ 33.
Kh3 Rb2 34. Qd8+ Kg7 35. Qd4+ Kg8 36. Ne4 Rxa2 37. Nf6+ Kf8 38. Qd8+ Kg7 39.
Ne8+ Kf8 40. Nf6+ Kg7 41. Ne8+ Kg8 42. Nc7+ Kg7 43. Nxe6+ fxe6 44. Qe7+ Kh8 45.
Qf8+ Kh7 46. Qf7+ Kh8 47. Qf6+ Kh7 48. h5 Qb1 49. Qe7+ Kh8 50. Qd8+ Kh7 51.
Qd7+ Kh8 52. Qd4+ Kg8 53. Qd8+ Kg7 54. Qe7+ {remis} 1/2-1/2

[Event "ProMoPro Open 2003"]
[Site "?"]
[Date "2003.09.11"]
[Round "6.5"]
[White "Studnicka, Tomas"]
[Black "Londyn, Radek"]
[Result "1-0"]
[WhiteElo "2282"]
[BlackElo "2152"]
[PlyCount "67"]
[EventDate "2003.09.06"]

1. d4 d5 2. c4 c6 3. Nf3 Nf6 4. Nc3 a6 5. a4 e6 6. Bg5 Nbd7 7. a5 h6 8. Bxf6
Nxf6 9. c5 g6 10. Qc2 Bg7 11. e4 dxe4 12. Nxe4 Nxe4 13. Qxe4 Qd5 14. Qc2 e5 15.
Bc4 Bf5 16. Qe2 Qe4 17. dxe5 Rd8 18. Qxe4 Bxe4 19. Nd2 Bxg2 20. Rg1 Bd5 21.
O-O-O Ke7 22. f4 Be6 23. Bxe6 Kxe6 24. Ne4 Rxd1+ 25. Kxd1 Rd8+ 26. Nd6 Bf8 27.
Ke2 Be7 28. Rg3 Rd7 29. Rh3 h5 30. Kd3 Kd5 31. b4 f6 32. Re3 g5 33. e6 Rd8 34.
fxg5 {cerny se vzdal} 1-0

[Event "ProMoPro Open 2003"]
[Site "?"]
[Date "2003.09.11"]
[Round "6.6"]
[White "Kubikova, Hana"]
[Black "Forman, Stepan"]
[Result "1/2-1/2"]
[WhiteElo "2145"]
[BlackElo "2252"]
[PlyCount "44"]
[EventDate "2003.09.06"]

1. d4 Nf6 2. Nf3 c5 3. c3 e6 4. g3 b6 5. Bg2 Bb7 6. O-O Be7 7. Bf4 d6 8. Na3
O-O 9. Rc1 Nbd7 10. Nb5 Ne4 11. dxc5 bxc5 12. Nxd6 Bxd6 13. Bxd6 Re8 14. Bf4 e5
15. Be3 Qc7 16. Nd2 Nxd2 17. Qxd2 Bxg2 18. Kxg2 Nb6 19. c4 f5 20. f3 Rad8 21.
Qa5 Rc8 22. b4 cxb4 {remis} 1/2-1/2

[Event "ProMoPro Open 2003"]
[Site "?"]
[Date "2003.09.11"]
[Round "6.7"]
[White "Stross, Frantisek"]
[Black "Forman, Miroslav"]
[Result "1-0"]
[WhiteElo "2229"]
[BlackElo "1826"]
[PlyCount "73"]
[EventDate "2003.09.06"]

1. e4 c5 2. Nc3 e6 3. Nge2 Nc6 4. d4 cxd4 5. Nxd4 Qf6 6. Ndb5 Bc5 7. f4 Qh4+ 8.
g3 Qd8 9. Nd6+ Bxd6 10. Qxd6 a6 11. b3 Nf6 12. e5 Ng4 13. h3 Nh6 14. Bd3 Ne7
15. g4 f6 16. exf6 gxf6 17. Ne4 Nd5 18. Bb2 Nf7 19. Qc5 d6 20. Qd4 O-O 21.
Nxf6+ Nxf6 22. Qxf6 Ne5 23. Bxh7+ Kxh7 24. Qxd8 Nf3+ 25. Kf2 Rxd8 26. Kxf3 b5
27. Kg3 Bb7 28. Rhe1 Bd5 29. Rad1 Ra7 30. f5 Rf7 31. fxe6 Rf3+ 32. Kh4 Bc6 33.
e7 Rg8 34. Rxd6 Be8 35. Ree6 Rg6 36. Rxg6 Bxg6 37. Rxg6 {cerny se vzdal} 1-0

[Event "ProMoPro Open 2003"]
[Site "?"]
[Date "2003.09.11"]
[Round "6.8"]
[White "Sodoma, Jan"]
[Black "Vedral, Oldrich"]
[Result "1-0"]
[WhiteElo "2183"]
[BlackElo "2212"]
[PlyCount "105"]
[EventDate "2003.09.06"]

1. e4 c5 2. Nc3 Nc6 3. Bb5 e6 4. Bxc6 bxc6 5. d3 d6 6. f4 g6 7. b3 Bg7 8. Bb2
e5 9. Na4 f6 10. Qf3 Nh6 11. h3 O-O 12. Ne2 exf4 13. Qxf4 f5 14. Bxg7 Kxg7 15.
O-O fxe4 16. Qxf8+ Qxf8 17. Rxf8 Kxf8 18. dxe4 Nf7 19. c4 Ba6 20. Rd1 Re8 21.
Nac3 Ke7 22. Kf2 Kd7 23. Ke3 Kc7 24. Ng1 Bc8 25. Rf1 Ng5 26. Kd3 Re7 27. Rf6
Rf7 28. Rxf7+ Nxf7 29. Nf3 Kd7 30. Ke3 Ke6 31. h4 h6 32. Kf4 Kf6 33. Na4 g5+
34. hxg5+ hxg5+ 35. Ke3 Be6 36. Nc3 Ne5 37. Nxe5 Kxe5 38. Na4 Bf7 39. Nb2 d5
40. Nd3+ Kd6 41. e5+ Ke6 42. Nxc5+ Kxe5 43. Nd3+ Kd6 44. c5+ Ke6 45. Kd4 Kf5
46. g4+ Kxg4 47. Ne5+ Kf4 48. Nxf7 g4 49. Ne5 g3 50. Nd3+ Kf3 51. b4 a6 52. a4
Kg4 53. Ne1 {cerny se vzdal} 1-0

[Event "ProMoPro Open 2003"]
[Site "?"]
[Date "2003.09.11"]
[Round "6.9"]
[White "Masek, Miroslav"]
[Black "Kucera, Tomas"]
[Result "0-1"]
[WhiteElo "2178"]
[BlackElo "2111"]
[PlyCount "82"]
[EventDate "2003.09.06"]

1. d4 Nf6 2. Nf3 d6 3. c4 g6 4. Nc3 Bg7 5. e4 O-O 6. Be2 e5 7. O-O Nc6 8. d5
Ne7 9. b4 c6 10. Ne1 cxd5 11. cxd5 Bd7 12. Bd2 Rc8 13. Qb1 Ne8 14. Kh1 f5 15.
f3 f4 16. Qd3 g5 17. g4 fxg3 18. hxg3 g4 19. fxg4 Rxf1+ 20. Bxf1 Bxg4 21. Nf3
Nf6 22. Nh2 Qe8 23. Nb5 Rd8 24. Bg5 Qh5 25. Bxf6 Bxf6 26. Nxa7 Nf5 27. exf5 e4
28. Qxe4 Bxf5 29. Qf4 Be5 30. Be2 Qg6 31. Qf1 Be4+ 32. Bf3 Bxa1 33. Qxa1 Rf8
34. Qd1 Rxf3 35. Qxf3 Bxf3+ 36. Nxf3 Qxg3 37. Nh2 Qe1+ 38. Kg2 Qe4+ 39. Nf3
Qxd5 40. Kg3 Qxa2 41. Nb5 Qc4 {bily se vzdal} 0-1

[Event "ProMoPro Open 2003"]
[Site "?"]
[Date "2003.09.11"]
[Round "6.10"]
[White "Dusek, Martin"]
[Black "Hackel, Ludek"]
[Result "1-0"]
[WhiteElo "2146"]
[BlackElo "2107"]
[PlyCount "91"]
[EventDate "2003.09.06"]

1. e4 c5 2. c3 Nf6 3. e5 Nd5 4. d4 cxd4 5. cxd4 e6 6. Nf3 Qc7 7. Bd2 d6 8. Nc3
Nxc3 9. Bxc3 dxe5 10. Nxe5 Nc6 11. Bb5 Bd7 12. Bxc6 Bxc6 13. Qg4 Bd5 14. O-O
Bd6 15. Rfc1 O-O 16. Bb4 Qe7 17. Bxd6 Qxd6 18. Rc3 Rac8 19. Rg3 g6 20. h4 Rc7
21. h5 Qd8 22. hxg6 fxg6 23. Re1 Qf6 24. Qe2 Qf5 25. Rc3 Rg7 26. a3 h5 27. Rec1
Qg5 28. f3 Qf5 29. Qd2 g5 30. Rc7 Rxc7 31. Rxc7 Qf4 32. Qd3 Qf5 33. Qe3 Qf4 34.
Qd3 Qf5 35. Kf2 Be4 36. Qe3 h4 37. Ke2 Bd5 38. Ng4 Qg6 39. Qe5 Ba2 40. Kd2 Bd5
41. Ne3 Bc6 42. Re7 Re8 43. Rxe8+ Bxe8 44. d5 exd5 45. Nxd5 Bf7 46. Ne7+ {
cerny se vzdal} 1-0

[Event "ProMoPro Open 2003"]
[Site "?"]
[Date "2003.09.11"]
[Round "6.11"]
[White "Horyna, Josef"]
[Black "Soural, Jan"]
[Result "0-1"]
[WhiteElo "2029"]
[BlackElo "2143"]
[PlyCount "96"]
[EventDate "2003.09.06"]

1. d4 Nf6 2. Nf3 g6 3. g3 Bg7 4. Bg2 O-O 5. O-O d6 6. c4 Nbd7 7. Nc3 c6 8. Qb3
Qc7 9. e4 e5 10. dxe5 dxe5 11. Bg5 h6 12. Be3 Ng4 13. h3 Nxe3 14. fxe3 Nc5 15.
Qc2 Be6 16. b3 Qb6 17. Kh2 a5 18. Rab1 Qb4 19. Rfd1 a4 20. Nxa4 Nxa4 21. bxa4
Qxc4 22. Qxc4 Bxc4 23. Rxb7 Rxa4 24. Rc1 Re8 25. Rc2 c5 26. Nd2 Rxa2 27. Rxc4
Rxd2 28. Rb1 Bf8 29. Kg1 Ra8 30. Bf1 Ra3 31. Re1 Be7 32. h4 h5 33. Rcc1 g5 34.
Ra1 Rc3 35. Rac1 Ra3 36. Ra1 Rxa1 37. Rxa1 gxh4 38. gxh4 Bxh4 39. Ra8+ Kg7 40.
Ra7 Kg6 41. Bc4 f6 42. Be6 Bf2+ 43. Kg2 Bxe3+ 44. Kf3 Bd4 45. Bf5+ Kg5 46. Rg7+
Kh4 47. Rg2 Rxg2 48. Kxg2 c4 {bily se vzdal} 0-1

[Event "ProMoPro Open 2003"]
[Site "?"]
[Date "2003.09.11"]
[Round "6.12"]
[White "Podbrdsky, Pavel"]
[Black "Kalousek, Zdenek"]
[Result "1/2-1/2"]
[WhiteElo "2142"]
[BlackElo "1250"]
[PlyCount "120"]
[EventDate "2003.09.06"]

1. d4 d5 2. Nf3 Nf6 3. c4 e6 4. cxd5 exd5 5. Bg5 Be7 6. e3 O-O 7. Nc3 h6 8. Bh4
c6 9. Bd3 Re8 10. Qc2 a5 11. O-O Nbd7 12. Rab1 b6 13. a3 Bb7 14. b4 axb4 15.
axb4 b5 16. Bg3 Nh5 17. Ne5 Rf8 18. Nxd7 Qxd7 19. Bf5 Qd8 20. Be5 Bc8 21. Bh7+
Kh8 22. Bd3 Bd7 23. e4 dxe4 24. Nxe4 Nf6 25. Bxf6 Bxf6 26. Nxf6 Qxf6 27. Qc5
Rfe8 28. Ra1 Rxa1 29. Rxa1 Qe7 30. Qxe7 Rxe7 31. Kf1 Re8 32. Ra7 Be6 33. f3 Bd5
34. Kf2 g6 35. Rd7 Kg7 36. Rd6 Rb8 37. Be4 Bxe4 38. fxe4 Rc8 39. e5 Rc7 40. Kf3
Kf8 41. h4 h5 42. Kf4 Kg7 43. Kg5 Ra7 44. Rxc6 Rd7 45. Rd6 Rxd6 46. exd6 f6+
47. Kf4 Kf7 48. d7 Ke7 49. Ke4 Kxd7 50. Kd5 g5 51. hxg5 fxg5 52. Ke5 g4 53. Kf4
Kd6 54. Kg5 Kd5 55. Kxh5 Kxd4 56. Kxg4 Kc4 57. Kf3 Kxb4 58. g4 Kc5 59. g5 b4
60. g6 b3 {remis} 1/2-1/2

[Event "ProMoPro Open 2003"]
[Site "?"]
[Date "2003.09.11"]
[Round "6.13"]
[White "Novak, Vaclav"]
[Black "Jinova, Lucie"]
[Result "0-1"]
[WhiteElo "2020"]
[BlackElo "2116"]
[PlyCount "112"]
[EventDate "2003.09.06"]

1. Nf3 Nf6 2. g3 d5 3. c4 e6 4. Bg2 Be7 5. O-O O-O 6. d4 b6 7. cxd5 exd5 8. Nc3
Bb7 9. Bg5 h6 10. Bf4 c5 11. e3 Na6 12. h3 Nc7 13. g4 Ne6 14. Bh2 Qc8 15. Kh1
Rd8 16. Ne5 Ng5 17. f3 Ne6 18. f4 Ne4 19. g5 hxg5 20. fxg5 f6 21. Ng6 Qd7 22.
Nxe4 dxe4 23. h4 Nf8 24. Nxf8 Kxf8 25. Qh5 Qd5 26. Be5 Qf7 27. g6 Qe6 28. Rf4
Ke8 29. Qh8+ Kd7 30. Qxg7 fxe5 31. dxe5 Rg8 32. Rd1+ Kc7 33. Qh7 Bd5 34. Rf7
Rae8 35. Rxd5 Qxd5 36. Rxe7+ Rxe7 37. Qxe7+ Qd7 38. Qxd7+ Kxd7 39. Bh3+ Kc6 40.
h5 Kd5 41. e6 Ke5 42. Kg2 b5 43. Kg3 c4 44. e7 b4 45. Bd7 c3 46. bxc3 bxc3 47.
Ba4 Kf6 48. Kf4 Kxe7 49. Kg5 Rc8 50. Bc2 Rc5+ 51. Kh6 Kf6 52. Bxe4 c2 53. Bxc2
Rxc2 54. e4 Rxa2 55. Kh7 Rh2 56. h6 Kg5 {bily se vzdal} 0-1

[Event "ProMoPro Open 2003"]
[Site "?"]
[Date "2003.09.11"]
[Round "6.14"]
[White "Nemcova, Katerina"]
[Black "Kudela, Stanislav"]
[Result "0-1"]
[WhiteElo "2031"]
[BlackElo "2178"]
[PlyCount "98"]
[EventDate "2003.09.06"]

1. d4 e6 2. Nf3 d5 3. e3 Nc6 4. c3 Nf6 5. Bd3 Bd6 6. Nbd2 O-O 7. O-O Re8 8. e4
dxe4 9. Nxe4 Nxe4 10. Bxe4 g6 11. Ng5 f5 12. Bxf5 gxf5 13. Qh5 Re7 14. f4 Rg7
15. Rf3 Qf6 16. Qe8+ Qf8 17. Qh5 Bd7 18. Rg3 Kh8 19. Be3 Qe7 20. b4 a6 21. Re1
Be8 22. Qh4 Bg6 23. Bf2 Re8 24. d5 Nd8 25. Bd4 Kg8 26. Qh6 c5 27. Nxh7 cxd4 28.
Rxg6 Bxf4 29. Rxg7+ Qxg7 30. Nf6+ Kf7 31. Qxg7+ Kxg7 32. Nh5+ Kf7 33. Nxf4 e5
34. Nh3 d3 35. Kf2 e4 36. Ke3 Kf6 37. Nf4 Rh8 38. h3 b5 39. g4 fxg4 40. hxg4
Re8 41. Nh3 Nf7 42. Rf1+ Kg7 43. Nf4 Nd6 44. Nh5+ Kh8 45. Nf6 Re7 46. Rh1+ Kg7
47. Rh7+ Kxf6 48. g5+ Kxg5 49. Rxe7 Nf5+ {bila se vzdala} 0-1

[Event "ProMoPro Open 2003"]
[Site "?"]
[Date "2003.09.11"]
[Round "6.15"]
[White "Steinhauser, Frantisek"]
[Black "Urbankova, Eva"]
[Result "0-1"]
[WhiteElo "1763"]
[BlackElo "2172"]
[PlyCount "98"]
[EventDate "2003.09.06"]

1. e4 c5 2. Nf3 Nc6 3. d4 cxd4 4. Nxd4 Nf6 5. Nc3 d6 6. Bc4 e6 7. Be3 a6 8. Qe2
Qc7 9. O-O-O Na5 10. Bb3 b5 11. g4 Be7 12. g5 Nxb3+ 13. axb3 Nd7 {#} 14. Nf5
Nc5 15. e5 dxe5 16. Nxg7+ Kf8 17. Nh5 Bb7 18. Rhe1 b4 19. Bxc5 bxc3 20. Bxe7+
Kxe7 21. Nf6 cxb2+ 22. Kxb2 Rhd8 23. Rxd8 Rxd8 24. Nxh7 Rc8 25. Rd1 Qc3+ 26.
Kb1 Bf3 27. Qd3 Bxd1 28. Qxd1 Rd8 29. Qc1 Rd6 30. Qa3 a5 31. Nf6 Qb4 32. Qb2
Qd4 33. Qa3 Qb4 34. Qc1 a4 35. Qe3 Rd1+ 36. Kb2 Qd4+ 37. Qxd4 Rxd4 38. h3 axb3
39. Kxb3 Rh4 40. c4 Rxh3+ 41. Kb4 Kd6 42. c5+ Kc6 43. Ng4 Rh4 44. f3 e4 45.
Ne5+ Kc7 46. g6 exf3+ 47. Kc3 fxg6 48. Kd2 Rh2+ 49. Ke3 Re2+ {bily se vzdal}
0-1

[Event "ProMoPro Open 2003"]
[Site "?"]
[Date "2003.09.11"]
[Round "6.16"]
[White "Urbanek, Stepan"]
[Black "Bernasek, Vaclav"]
[Result "1-0"]
[WhiteElo "2120"]
[BlackElo "1990"]
[PlyCount "83"]
[EventDate "2003.09.06"]

1. d4 Nf6 2. c4 g6 3. Nc3 Bg7 4. e4 d6 5. Be2 O-O 6. Bg5 c5 7. d5 h6 8. Be3 e6
9. h3 a6 10. a4 Re8 11. Qd2 exd5 12. exd5 Qa5 13. Ra3 Nbd7 14. Nf3 Rb8 15. O-O
Qb4 16. Qc1 Ne4 17. a5 b5 18. cxb5 axb5 19. Bd3 Ng5 20. Nxg5 hxg5 21. Bxg5 Qd4
22. Bxb5 Qb4 23. Bc6 Re2 24. Nxe2 Bxb2 25. Qe3 Qxa3 26. Qe8+ Nf8 27. Be7 Bg7
28. Bxd6 Rb2 29. Qxc8 Rxe2 30. a6 Qa5 31. Bb7 Qd2 32. Bxc5 Re1 33. Rxe1 Qxe1+
34. Kh2 Be5+ 35. g3 Bd6 36. Be3 f5 37. Qc1 Qe2 38. Qd2 Qf3 39. a7 g5 40. Bxg5
Ng6 41. a8=Q+ Kf7 42. Qe3 {cerny se vzdal} 1-0

[Event "ProMoPro Open 2003"]
[Site "?"]
[Date "2003.09.11"]
[Round "6.17"]
[White "Voboril, Pavel"]
[Black "Horinek, Karel"]
[Result "0-1"]
[WhiteElo "2109"]
[BlackElo "1946"]
[PlyCount "110"]
[EventDate "2003.09.06"]

1. e4 Nf6 2. e5 Nd5 3. d4 e6 4. Nf3 Be7 5. Be2 d6 6. O-O O-O 7. c4 Nb6 8. a4 a5
9. exd6 cxd6 10. Nc3 Bd7 11. Be3 Na6 12. Qb3 Nb4 13. Nb5 Nc8 14. Rac1 b6 15.
Rfd1 Na7 16. Ne1 Nxb5 17. axb5 Rc8 18. Nc2 Nxc2 19. Rxc2 f5 20. f4 Kh8 21. Rcd2
Be8 22. Bf2 d5 23. Rc2 Bd6 24. g3 Qe7 25. Rdc1 dxc4 26. Bxc4 Bd7 27. Re1 Rce8
28. Rce2 Bb4 29. Rd1 Qf7 30. Be1 Bd6 31. Qd3 Qg6 32. Qf3 h5 33. Bc3 h4 34. Qg2
Rc8 35. Bd3 Qg4 36. Red2 Rf6 37. Be2 Qg6 38. d5 Rxc3 39. bxc3 e5 40. fxe5 Bxe5
41. c4 hxg3 42. h4 Qh6 43. h5 Bd6 44. Kf1 f4 45. Bf3 Qg5 46. Re2 Qh4 47. Re6
Bxe6 48. dxe6 Rxe6 49. Re1 Rxe1+ 50. Kxe1 Bb4+ 51. Kf1 Qe7 52. Be2 Qe3 53. Qf3
Bc5 54. Kg2 Qxf3+ 55. Kxf3 a4 {bily se vzdal} 0-1

[Event "ProMoPro Open 2003"]
[Site "?"]
[Date "2003.09.11"]
[Round "6.18"]
[White "Chalupa, Ivan"]
[Black "Krivanek, Vladimir"]
[Result "1-0"]
[WhiteElo "2086"]
[BlackElo "1744"]
[PlyCount "81"]
[EventDate "2003.09.06"]

1. e4 d6 2. d4 Nf6 3. Nc3 Nbd7 4. f4 c5 5. Nf3 b6 6. d5 e5 7. dxe6 fxe6 8. Ng5
Nb8 9. e5 dxe5 10. Qxd8+ Kxd8 11. fxe5 Ke7 12. exf6+ gxf6 13. Nf3 Bb7 14. Be3
Nc6 15. O-O-O Bg7 16. Bb5 a6 17. Bxc6 Bxc6 18. Rd2 h6 19. Rhd1 Rhc8 20. Ne2 Be8
21. Nf4 Rc6 22. g4 b5 23. Nh5 Bf8 24. h3 b4 25. c3 bxc3 26. bxc3 Kf7 27. Rb2
Rc7 28. c4 a5 29. Nh4 Ke7 30. Rf1 Bxh5 31. gxh5 Bg7 32. Rb5 f5 33. Ng6+ Kf7 34.
Bf4 Rd7 35. Rxc5 Rad8 36. Rxa5 Rd4 37. Ra7+ Kg8 38. Rc7 Re4 39. Rd1 Ra8 40.
Rdd7 Bc3 41. Bxh6 {cerny se vzdal} 1-0

[Event "ProMoPro Open 2003"]
[Site "?"]
[Date "2003.09.11"]
[Round "6.19"]
[White "Horak, Karel"]
[Black "Havrlik, Pavel"]
[Result "0-1"]
[WhiteElo "1637"]
[BlackElo "2003"]
[PlyCount "50"]
[EventDate "2003.09.06"]

1. d4 d5 2. c4 Nc6 3. Nf3 Bg4 4. e3 e6 5. Be2 dxc4 6. Bxc4 Bb4+ 7. Nc3 Nge7 8.
O-O O-O 9. a3 Bxc3 10. bxc3 Nd5 11. Qc2 Bxf3 12. gxf3 Qh4 13. Bxd5 exd5 14. Qf5
Rfd8 15. Qg4 Qxg4+ 16. fxg4 Na5 17. f3 Re8 18. Re1 Nc4 19. h4 Re6 20. g5 f5 21.
Kf2 Rae8 22. Ra2 Rb6 23. e4 fxe4 24. Rae2 Rf8 25. f4 Rb3 {bily se vzdal} 0-1

[Event "ProMoPro Open 2003"]
[Site "?"]
[Date "2003.09.11"]
[Round "6.20"]
[White "Kriz, Pavel"]
[Black "Matocha, Pavel"]
[Result "1/2-1/2"]
[WhiteElo "1792"]
[BlackElo "1998"]
[PlyCount "104"]
[EventDate "2003.09.06"]

1. e4 c5 2. Nf3 d6 3. d4 cxd4 4. Nxd4 a6 5. Nc3 Nf6 6. Be2 e6 7. O-O Be7 8. Nf3
O-O 9. b3 Nc6 10. Bb2 Qc7 11. Bd3 b5 12. Re1 Bb7 13. Rc1 Rfd8 14. a3 Rd7 15.
Qe2 Nd8 16. Nb1 e5 17. Red1 Ne6 18. g3 Qb6 19. b4 Rc8 20. Nbd2 Rdc7 21. c4 Bc6
22. Rc3 Qb7 23. Rdc1 bxc4 24. Rxc4 Bb5 25. Rxc7 Rxc7 26. Rxc7 Nxc7 27. Bxb5
axb5 28. Qd3 Ne6 29. Nh4 g6 30. Ng2 Ng5 31. f3 Qb6+ 32. Qe3 Nh3+ 33. Kf1 Qc7
34. Qd3 Qb8 35. Ne3 Qb6 36. Kg2 Ng5 37. Nd5 Nxd5 38. exd5 h5 39. Ne4 Nxe4 40.
fxe4 Bg5 41. Qe2 Kg7 42. Qf3 Qe3 43. Qxe3 Bxe3 44. Kf3 Bg1 45. Bc3 f5 46. h3
Kf6 47. Bd2 g5 48. exf5 Kxf5 49. g4+ hxg4+ 50. hxg4+ Kf6 51. Ke4 Bd4 52. Bc1
Bc3 {remis} 1/2-1/2

[Event "ProMoPro Open 2003"]
[Site "?"]
[Date "2003.09.11"]
[Round "6.21"]
[White "Dlouhy, David"]
[Black "Rmoutil, Martin"]
[Result "1/2-1/2"]
[WhiteElo "1974"]
[BlackElo "1841"]
[PlyCount "55"]
[EventDate "2003.09.06"]

1. d4 d5 2. c4 c6 3. cxd5 cxd5 4. Nc3 Nf6 5. Nf3 Nc6 6. Bf4 Nh5 7. Bd2 g6 8.
Qb3 Nf6 9. e3 a6 10. Bd3 Bg7 11. Na4 b5 12. Nc5 Na5 13. Qc3 Nc4 14. a4 Nd7 15.
Nxd7 Bxd7 16. axb5 axb5 17. O-O O-O 18. Qb4 Re8 19. Rxa8 Qxa8 20. Bc1 Qa7 21.
b3 Nd6 22. Bb2 Bf5 23. Bxf5 gxf5 24. Rc1 Bf8 25. Ne5 e6 26. Nd3 Nc4 27. Qc3 b4
28. Qc2 {remis} 1/2-1/2